<?xml version="1.0" encoding="UTF-8"?>
<record
    xmlns:xsi="http://www.w3.org/2001/XMLSchema-instance"
    xsi:schemaLocation="http://www.loc.gov/MARC21/slim http://www.loc.gov/standards/marcxml/schema/MARC21slim.xsd"
    xmlns="http://www.loc.gov/MARC21/slim">

  <leader>02896nam a2200421Ii 4500</leader>
  <controlfield tag="001">DIGDEU0204</controlfield>
  <controlfield tag="003">NyNyDIG</controlfield>
  <controlfield tag="006">m     o  d        </controlfield>
  <controlfield tag="007">cr |||||||||||</controlfield>
  <controlfield tag="008">130501s2003    sp a    ob    000 0 spa d</controlfield>
  <datafield tag="020" ind1=" " ind2=" ">
    <subfield code="a">9788498308211</subfield>
    <subfield code="q">(eBook)</subfield>
  </datafield>
  <datafield tag="020" ind1=" " ind2=" ">
    <subfield code="z">9788474859072 </subfield>
  </datafield>
  <datafield tag="020" ind1=" " ind2=" ">
    <subfield code="z">8474859077</subfield>
  </datafield>
  <datafield tag="035" ind1=" " ind2=" ">
    <subfield code="a">(OCoLC)651847351</subfield>
  </datafield>
  <datafield tag="040" ind1=" " ind2=" ">
    <subfield code="a">DGITA</subfield>
    <subfield code="b">eng</subfield>
    <subfield code="e">pn</subfield>
    <subfield code="c">DGITA</subfield>
  </datafield>
  <datafield tag="050" ind1="1" ind2="4">
    <subfield code="a">HQ1237 eBook</subfield>
  </datafield>
  <datafield tag="245" ind1="0" ind2="0">
    <subfield code="a">Problemas de las mujeres, problemas de la sociedad /</subfield>
    <subfield code="c">Mar&#xED;a Luisa Seti&#xE9;n, Mar&#xED;a Silvestre, (eds.).</subfield>
  </datafield>
  <datafield tag="264" ind1=" " ind2="1">
    <subfield code="a">Bilbao :</subfield>
    <subfield code="b">Universidad de Deusto,</subfield>
    <subfield code="c">2003.</subfield>
  </datafield>
  <datafield tag="300" ind1=" " ind2=" ">
    <subfield code="a">1 online resource (257 pages) :</subfield>
    <subfield code="b">ill.</subfield>
  </datafield>
  <datafield tag="336" ind1=" " ind2=" ">
    <subfield code="a">text</subfield>
    <subfield code="b">txt</subfield>
    <subfield code="2">rdacontent</subfield>
  </datafield>
  <datafield tag="337" ind1=" " ind2=" ">
    <subfield code="a">computer</subfield>
    <subfield code="b">c</subfield>
    <subfield code="2">rdamedia</subfield>
  </datafield>
  <datafield tag="338" ind1=" " ind2=" ">
    <subfield code="a">online resource</subfield>
    <subfield code="b">cr</subfield>
    <subfield code="2">rdacarrier</subfield>
  </datafield>
  <datafield tag="490" ind1="1" ind2=" ">
    <subfield code="a">Temas de trabajo social ;</subfield>
    <subfield code="v">no. 4</subfield>
  </datafield>
  <datafield tag="504" ind1=" " ind2=" ">
    <subfield code="a">Includes bibliographical references.</subfield>
  </datafield>
  <datafield tag="505" ind1="0" ind2=" ">
    <subfield code="a">Introducci&#xF3;n / Mar&#xED;a Luisa Seti&#xE9;n y Mar&#xED;a Silvestre -- La perspectiva de g&#xE9;nero en los an&#xE1;lisis de los valores sociales / Mar&#xED;a Silvestre e Iratxe Ar&#xED;stegui -- Diferencias de g&#xE9;nero en formas de pensar y en problemas psicol&#xF3;gicos / Esther Calvete y Olga Carde&#xF1;oso -- El empoderamiento en los procesos de intervenci&#xF3;n social como un elemento transformador de la desigualdad y/o violencia de g&#xE9;nero / Isabel Valle -- Los tiempos de las mujeres. Una manifestaci&#xF3;n de la desigualdad / Mar&#xED;a Luisa Seti&#xE9;n -- Los estudios de g&#xE9;nero en la poes&#xED;a espa&#xF1;ola del &#xFA;ltimo siglo / Mercedes Acillona -- La cr&#xED;tica feminista anglosajona en la literatura de mujeres del &#xFA;ltimo siglo / Mar&#xED;a Luz Su&#xE1;rez -- El estado de los estudios feministas sobre la novela femenina espa&#xF1;ola del siglo XX / Raquel Conde Pe&#xF1;alosa -- La inmigraci&#xF3;n femenina en la Comunidad Aut&#xF3;noma del Pa&#xED;s Vasco / Trinidad L. Vicente -- Trabajo dom&#xE9;stico desde la perspectiva de g&#xE9;nero. Estudio cualitativo / Raquel Royo Prieto -- &#xBF;Compensaci&#xF3;n post mortem por dedicaci&#xF3;n al propio hogar? Un comentario a la sentencia del Tribunal Supremo de 17 de junio de 2003 / Gema Tom&#xE1;s -- Un paso m&#xE1;s hacia la equiparaci&#xF3;n jur&#xED;dica entre mujeres y hombres en el &#xE1;mbito laboral: el IV Plan de Igualdad de Oportunidades / Mariola Serrano Arg&#xFC;eso -- La opini&#xF3;n de la sociedad espa&#xF1;ola acerca de la violencia dom&#xE9;stica contra las mujeres / M&#xF3;nica Ib&#xE1;&#xF1;ez.</subfield>
  </datafield>
  <datafield tag="650" ind1=" " ind2="0">
    <subfield code="a">Sex discrimination against women.</subfield>
  </datafield>
  <datafield tag="650" ind1=" " ind2="0">
    <subfield code="a">Women</subfield>
    <subfield code="x">Social conditions.</subfield>
  </datafield>
  <datafield tag="655" ind1=" " ind2="0">
    <subfield code="a">Electronic books.</subfield>
  </datafield>
  <datafield tag="700" ind1="1" ind2=" ">
    <subfield code="a">Seti&#xE9;n, Mar&#xED;a Luisa.</subfield>
  </datafield>
  <datafield tag="700" ind1="1" ind2=" ">
    <subfield code="a">Silvestre, Mar&#xED;a.</subfield>
  </datafield>
  <datafield tag="710" ind1="2" ind2=" ">
    <subfield code="a">Universidad de Deusto.</subfield>
    <subfield code="b">Escuela de Trabajo Social.</subfield>
  </datafield>
  <datafield tag="791" ind1="2" ind2=" ">
    <subfield code="a">Digitalia (Firm),</subfield>
    <subfield code="e">distributor.</subfield>
  </datafield>
  <datafield tag="830" ind1=" " ind2="0">
    <subfield code="a">Temas de trabajo social ;</subfield>
    <subfield code="v">no. 4</subfield>
  </datafield>
  <datafield tag="793" ind1="0" ind2=" ">
    <subfield code="g">Digitalia eBook Collection:</subfield>
    <subfield code="a">Universidad de Deusto.</subfield>
  </datafield>
  <datafield tag="856" ind1="4" ind2="0">
    <subfield code="3">Digitalia Hisp&#xE1;nica</subfield>
    <subfield code="u">https://www.digitaliapublishing.com/a/18145/</subfield>
  </datafield>
  <datafield tag="910" ind1=" " ind2=" ">
    <subfield code="a">Premium Collection: 2007-2012</subfield>
  </datafield>
  <datafield tag="942" ind1=" " ind2=" ">
    <subfield code="c">RAA</subfield>
  </datafield>
  <datafield tag="952" ind1=" " ind2=" ">
    <subfield code="0">0</subfield>
    <subfield code="1">0</subfield>
    <subfield code="4">0</subfield>
    <subfield code="7">0</subfield>
    <subfield code="8">DEH</subfield>
    <subfield code="a">BD-UIN</subfield>
    <subfield code="b">BD-UIN</subfield>
    <subfield code="d">2025-04-25</subfield>
    <subfield code="l">0</subfield>
    <subfield code="r">2025-04-25</subfield>
    <subfield code="w">2025-04-25</subfield>
    <subfield code="y">RAA</subfield>
  </datafield>
  <datafield tag="999" ind1=" " ind2=" ">
    <subfield code="c">235669</subfield>
    <subfield code="d">235669</subfield>
  </datafield>
</record>
